000 00656nam a22002057a 4500
003 OSt
005 20250721123942.0
008 250721b |||||||| |||| 00| 0 eng d
020 _a9781119497035
040 _cChuka University Library
050 _aHF 5635
_b.I58 2019 V.2
100 _aKieso, Donald E., Jerry J. Weygandt, Terry D. Warfield, Irene M. Wiecek and Bruce J. McConomy
_920034
245 _aIntermediate Accounting
250 _a12th Canadian ed.
260 _aToronto, Canada
_bJohn Wiley & Sons
_c2019
300 _aVarious Paging
650 _a1. Accounting
_920010
650 _a2. Intermediate accounting
_920035
942 _2lcc
_cBK
_n0
999 _c19687
_d19687